Saltarico e o copinho de prata (Registo nº 3836)

Detalhes MARC
000 -Etiqueta do registo
Cabeçalho 00801nam0a2200253 4500
005 - Identificador da versão
Campo de controlo 20240813122045.0
021 ## - Número do Depósito Legal
Código do país PT
Número 9080/85
100 ## - Dados gerais de processamento
Dados gerais de processamento 20170518d1985 d y0pory5003 ba
102 ## - Pais de publicação ou produção
País de publicação Portugal
101 0# - Língua de publicação
Língua do texto, banda sonora, etc. Português
215 ## - Descrição física 
Indicação específica da natureza do documento e extensão da espécie 30 p
Outras indicações físicas il. color
200 1# - Titulo e menção de responsabilidade
Título próprio Saltarico e o copinho de prata
Primeira menção de responsabilidade Marina Algarvia
Outras menções de responsabilidade il. Ana Guerreiro
225 1# - Colecção 
Título próprio da colecção Contos tradicionais portugueses
Indicação de volume 2
210 ## - Publicação, Distribuição, etc. 
Lugar da edição, distribuição, etc. Almada
Nome do editor, distribuidor, etc. Idalécia Cabrita Costa
Data da publicação, distribuição, etc. D. L. 1985
300 ## - Notas gerais 
Texto da nota Marina Algarvia é pseudónimo de Idalécia Cabrita Costa
606 ## - Nome comum usado como assunto
Número de registo de entrada de autoridade 0001335
Palavra de ordem Literatura portuguesa
Subdivisão de assunto Conto
Código do sistema CA
675 ## - Classificação Decimal Universal (CDU)
Notação 821.134.3-34
Edição 3ª ed.
Língua da edição por
702 #1 - Nome de autor-pessoa física (responsabilidade secundária)
Número de registo de entrada de autoridade 0000286
Palavra de ordem Guerreiro
Outra parte do nome não tomada para palavra de ordem Ana
Código de função Ilustrador / Técnico de desenho computorizado
700 #1 - Nome de autor-pessoa física (responsabilidade principal)
Número de registo de entrada de autoridade 0001845
Palavra de ordem Algarvia
Outra parte do nome não tomada para palavra de ordem Marina
Elementos de identificação ou distinção pseud.
966 ## - Identificação da Biblioteca
Sigla EBVEN
942 ## - Elementos de entrada adicionados (Koha)
Tipo de item no Koha Livro
Exemplares
Situação do levantamento Origin of item (home branch) (coded) Biblioteca de empréstimo Código de barras Cota Circulation type (not for loan) Tipo de documento Nota do exemplar Damaged status
  Biblioteca Escolar das Vendas Biblioteca Escolar das Vendas BEV188 8POR ALG   Livro Sem mensagem  
  Biblioteca Escolar das Vendas Biblioteca Escolar das Vendas BEV189 8POR ALG   Livro Sem mensagem